Filmy o Godzilli! - Statystyki

Ogólne statystyki
  • Ten quiz został rozwiązany 44 razy
  • Średni wynik to 9 z 35
Statystyki odpowiedzi
Podpowiedź Odpowiedź % Poprawnych
1954 Godzilla
100%
1985 Godzilla
100%
2014 Godzilla
100%
1974 Godzilla kontra Mechagodzilla
33%
1955 Godzilla kontratakuje
33%
2021 Godzilla kontra King Kong
29%
1964 Godzilla kontra Mothra
29%
1992 Godzilla kontra Mothra
29%
2023 Godzilla Minus One
25%
1962 King Kong kontra Godzilla
25%
2016 Shin Godzilla
25%
1989 Godzilla kontra Biollante
21%
1972 Godzilla kontra Gigan
21%
1973 Godzilla kontra Megalon
21%
2004 Godzilla: Ostatnia Wojna
21%
1984 Powrót Godzilli
21%
1999 Powrót Godzilli
21%
1975 Powrót Mechagodzilli
21%
1966 Ebirah - potwór z głębin
17%
1964 Ghidorah - Trójgłowy potwór
17%
1995 Godzilla kontra Destruktor
17%
1971 Godzilla kontra Hedora
17%
1994 Godzilla kontra Kosmogodzilla
17%
1993 Godzilla kontra Mechagodzilla II
17%
1967 Syn Godzilli
17%
1968 Zniszczyć wszystkie potwory
17%
2019 Godzilla II: Król Potworów
13%
2024 Godzilla i Kong:Nowe Imperium
13%
2002 Godzilla kontra Mechagodzilla III
13%
2000 Godzilla kontra Megaguirus
13%
2003 Godzilla: S.O.S dla Tokio
13%
1965 Inwazja potworów
13%
1969 Rewanż Godzilli
13%
2001 Wielka bitwa potworów
8%
1991 Godzilla kontra Król Ghodorah
0%
Nie znaleziono quizów pasujących do podanych kryteriów
Rozkład punktacji
Procent ludzi z każdym wynikiem
Percentyl według liczby udzielonych odpowiedzi
Twoja historia wyników
Nie rozwiązałeś tego quizu